<?xml version="1.0" encoding="UTF-8"?>
<record
    xmlns:xsi="http://www.w3.org/2001/XMLSchema-instance"
    xsi:schemaLocation="http://www.loc.gov/MARC21/slim http://www.loc.gov/standards/marcxml/schema/MARC21slim.xsd"
    xmlns="http://www.loc.gov/MARC21/slim">

  <leader>01011nam a22002295i 4500</leader>
  <controlfield tag="001">160112</controlfield>
  <controlfield tag="003">ES-MaACL</controlfield>
  <controlfield tag="005">20260212141857.0</controlfield>
  <controlfield tag="008">050915s1883    xxk    | |||||||| ||eng d</controlfield>
  <datafield tag="040" ind1=" " ind2=" ">
    <subfield code="a">CAM </subfield>
    <subfield code="b">spa </subfield>
    <subfield code="c">CAM</subfield>
  </datafield>
  <datafield tag="245" ind1="0" ind2="0">
    <subfield code="a">More's History of King Richard III / </subfield>
    <subfield code="c">edited with notes, glossary, and index of names by J. Rawson Lumby ; to which is added the conclusion of the History of King Richard III as given in the continuation of Hardyng's chronicle, London, 1543.</subfield>
  </datafield>
  <datafield tag="260" ind1=" " ind2=" ">
    <subfield code="a">Cambridge ; </subfield>
    <subfield code="a">London : </subfield>
    <subfield code="b">Cambridge University Press, </subfield>
    <subfield code="c">1883 (</subfield>
    <subfield code="f">C.J. Clay, M.A. &amp; son at the University Press)</subfield>
  </datafield>
  <datafield tag="300" ind1=" " ind2=" ">
    <subfield code="a">VI, 212 p. ; </subfield>
    <subfield code="c">17 cm.</subfield>
  </datafield>
  <datafield tag="490" ind1="1" ind2=" ">
    <subfield code="a">Pitt Press series</subfield>
  </datafield>
  <datafield tag="600" ind1="1" ind2="4">
    <subfield code="a">Ricardo </subfield>
    <subfield code="b">III </subfield>
    <subfield code="c">Rey de Inglaterra.</subfield>
    <subfield code="9">157322</subfield>
  </datafield>
  <datafield tag="700" ind1="1" ind2=" ">
    <subfield code="a">Lumby, J. Rawson.</subfield>
    <subfield code="9">74738</subfield>
  </datafield>
  <datafield tag="700" ind1="0" ind2=" ">
    <subfield code="a">Tom&#xE1;s Moro,  </subfield>
    <subfield code="c">Santo, </subfield>
    <subfield code="d">1478-1535</subfield>
    <subfield code="9">110523</subfield>
  </datafield>
  <datafield tag="700" ind1="1" ind2=" ">
    <subfield code="a">Hardyng, John, </subfield>
    <subfield code="d">1378-1465?</subfield>
    <subfield code="9">157321</subfield>
  </datafield>
  <datafield tag="830" ind1="0" ind2=" ">
    <subfield code="a">Pitt Press series</subfield>
    <subfield code="9">222019</subfield>
  </datafield>
  <datafield tag="852" ind1=" " ind2=" ">
    <subfield code="a">ES-MaACL</subfield>
    <subfield code="j">G-1308 </subfield>
    <subfield code="z">-- Enc. tela</subfield>
  </datafield>
  <datafield tag="999" ind1=" " ind2=" ">
    <subfield code="c">160112</subfield>
    <subfield code="d">160112</subfield>
  </datafield>
  <datafield tag="952" ind1=" " ind2=" ">
    <subfield code="0">0</subfield>
    <subfield code="1">0</subfield>
    <subfield code="4">0</subfield>
    <subfield code="7">0</subfield>
    <subfield code="8">LIBXIX</subfield>
    <subfield code="a">ATENEOM</subfield>
    <subfield code="b">ATENEOM</subfield>
    <subfield code="c">DEPO2</subfield>
    <subfield code="d">2008-01-17</subfield>
    <subfield code="e">SSC</subfield>
    <subfield code="l">0</subfield>
    <subfield code="o">G-1308</subfield>
    <subfield code="p">1167627</subfield>
    <subfield code="r">2023-02-23 00:00:00</subfield>
    <subfield code="w">2023-02-23</subfield>
    <subfield code="y">MONANT</subfield>
  </datafield>
</record>
